Introduction to Evolutionary Computing

Gespeichert in:
Bibliographische Detailangaben
Hauptverfasser: Eiben, Agoston E. (Verfasst von), Smith, James E (Verfasst von)
Format: Buch
Sprache:Englisch
Veröffentlicht: Berlin : Springer Verlag, 2003
Schlagworte:
Tags: Tag hinzufügen
Keine Tags, Fügen Sie das erste Tag hinzu!

MARC

LEADER 00000nam a22000003a 4500
001 stu87094
005 20150617225629.4
008 040519s2003----gw------------------eng-d
020 |a 3-540-40184-9 
040 |a STU  |b slo 
041 0 |a eng 
044 |a gw 
080 |a 004.42 
080 |a 519.682 
084 |a C6110  |2 INS 
084 |a C6140  |2 INS 
100 1 |a Eiben, Agoston E.  |4 aut 
245 1 |a Introduction to Evolutionary Computing 
260 |a Berlin :  |b Springer Verlag,  |c 2003 
300 |a 299 s 
650 7 |a teória programovania  |2 stusub 
650 7 |a programovanie  |2 stusub 
700 1 |a Smith, James E  |4 aut 
996 |c 004.42 EIB  |l I  |s P  |a 0  |w stu87094_0001 
996 |b 284EK85258  |c E*85258  |l EE13  |s P  |a 0  |w stu87094_0002 
996 |b 284IK06785  |c I*14ES6194  |l II680  |s A  |a 24  |w stu87094_0003